Viszonos végrendeletek
Elmentve itt :
| Szerző: | |
|---|---|
| Dokumentumtípus: | Cikk |
| Megjelent: |
1905
|
| Sorozat: | Kolligátum
|
| Kulcsszavak: | Jog, Végrendelet |
| Online Access: | http://misc.bibl.u-szeged.hu/22981 |
| LEADER | 00508nab a2200169 i 4500 | ||
|---|---|---|---|
| 001 | misc22981 | ||
| 005 | 20191108150447.0 | ||
| 008 | 170828s1905 hu o 0|| zxx d | ||
| 040 | |a SZTE Miscellanea Repozitórium |b hun | ||
| 041 | |a zxx | ||
| 100 | 1 | |a Kiss Géza | |
| 245 | 1 | 0 | |a Viszonos végrendeletek |h [elektronikus dokumentum] / |c Kiss Géza |
| 260 | |c 1905 | ||
| 300 | |a 1-19 | ||
| 490 | 0 | |a Kolligátum | |
| 695 | |a Jog, Végrendelet | ||
| 856 | 4 | 0 | |u http://misc.bibl.u-szeged.hu/22981/1/29587_001-019.pdf |z Dokumentum-elérés |